banner-ar

الفهرسة الموضوعية: دراسة فى رؤوس الموضوعات وقوائمها / (Record no. 29274)

MARC details
000 -الفاتح
حقل البيانات ثابتة الطول 00596nam a2200181Ia 4500
008 - عناصر البيانات ثابتة الطول - معلومات عامة
حقل البيانات ثابتة الطول 140319s9999 xx 000 0 ara d
040 ## - مصدر الفهرسة
وكالة الفهرسة الأصلية GCL /
وكالة النسخ GCL
082 04 - رقم تصنيف ديوى العشرى
رقم التصنيف 025.33
رقم المادة م ف
100 1# - المدخل الرئيسى - إسم شخصى
الإسم الشخصى محمد فتحى عبدالهادى
245 10 - بيان العنوان
العنوان الفهرسة الموضوعية: دراسة فى رؤوس الموضوعات وقوائمها /
بيان المسئوليه,etc محمد فتحى عبدالهادى
490 ## - بيان السلسلة
عنوان السلسلة
650 04 - المدخل الاضافى بالموضوع-مصطلح موضوعى
مصطلح موضوعي الفهرسة الموضوعية
650 04 - المدخل الاضافى بالموضوع-مصطلح موضوعى
مصطلح موضوعي التكشيف
650 04 - المدخل الاضافى بالموضوع-مصطلح موضوعى
مصطلح موضوعي المكتبات، علم
650 04 - المدخل الاضافى بالموضوع-مصطلح موضوعى
مصطلح موضوعي رؤوس الموضوعات
942 ## - عناصر المدخل الإضافي( كوها)
مصدر التصنيف او مخطط الترفيف Dewey Decimal Classification
Koha [default] item type كتاب
Holdings
حالة التراجع حالة الفقد حالة تلف ليس للاعارة المكان المؤقت الموقع الحالى تاريخ الاكتساب اجمالي اﻻعارات رقم الطلب الباركود تاريخ اخر مشاهدة تاريخ تفعيل السعر نوع وعاء كوها
        مكتبة القاهرة الكبرى مكتبة القاهرة الكبرى 03/26/2014   025.33\م ف 66940 03/26/2014 03/26/2014 كتاب
        مكتبة القاهرة الكبرى مكتبة القاهرة الكبرى 03/26/2014   025.33\م ف 66941 03/26/2014 03/26/2014 كتاب

Powered By

EGPV